000 00933nas a2200301 4500
001 BR2014005021
003 BR-BrBNA
005 20231205124350.0
007 ta
008 230509b bl.|||p| |||| 00| 00por d
040 _aBR-BrBNA
_bpor
_cBiblioteca Nacional de Agricultura
041 _a(Pt)
072 _aH10
100 1 _aBoregas, K.G.
100 1 _aMendes, S.M.
100 1 _aWaquil, J.M.
100 1 _aFernandes, G.W.
245 1 _aEstádio de adaptação de Spodoptera frugiperda (J.E. Smith)(Lepidoptera: Noctuidae)em hospedeiros alternativos
650 _aPRAGA DE PLANTA
650 _aLAGARTA
650 _aCONTROLE INTEGRADO
650 _aECOLOGIA
650 _aMILHO
773 0 _tBragantia (Brazil)
_xISSN 1678-4499
_g(Jan-Mar 2013), v. 72(1) p. 61-70
_wBR2014005021
856 4 0 _uhttp://www.scielo.br/pdf/brag/v72n1/a09v72n1.pdf
909 _a202311
_bLúcia
_c55
_dLúcia Elande
942 _2AGRIS
_n0
_cANA
999 _c238698
_d238698